Nomenclator comercial Pueblos de España : pueblos, municipios, provincias con la codificación oficial ... pueblos, municipios, provincias con la codificación oficial ...
ISBN:
84-300-84282-2
Descripción Física:
1008 p. : il. ; 25 cm
MARC
| LEADER | 00000nam a2200000Ia 4500 | ||
|---|---|---|---|
| 001 | 15316 | ||
| 008 | 160829s9999 xx 000 0 cat d | ||
| 020 | |a 84-300-84282-2 | ||
| 080 | |a H-2-211 | ||
| 245 | |a Nomenclator comercial Pueblos de España : |b pueblos, municipios, provincias con la codificación oficial ... | ||
| 260 | |a Madrid : |b [s.n.], DL 1987 (Madrid : |b H. de E. Minuesa) | ||
| 300 | |a 1008 p. : |b il. ; |c 25 cm | ||
| 650 | |a Espanya |x Diccionaris geogràfics |9 22162 | ||
| 650 | |a Topònims |x Espanya |9 24921 | ||
| 901 | |a Arxiu | ||
| 942 | |n 1 | ||
| 952 | |0 0 |1 0 |4 0 |6 H2211 |7 1 |9 42088 |a Arxiu |b Arxiu |d 2016-12-01 |l 0 |o H-2-211 |p 15316 |r 2016-12-01 00:00:00 |w 2016-12-01 |y ARXIU | ||
| 999 | |c 44535 |d 44535 | ||